| 000 | 00418nam a2200169Ia 4500 | ||
|---|---|---|---|
| 003 | OSt | ||
| 005 | 20240227111129.0 | ||
| 008 | 170619s9999 xx 000 0 und d | ||
| 020 | _a8176295477 | ||
| 040 | _cIIMT ENGINEERING COLLEGE | ||
| 100 | _aSingh- Shiv Sahai | ||
| 245 | 4 | _aThe Law of Intellectual Property Rights | |
| 260 | _bNew Delhi Deep & Deep | ||
| 260 | _c2005 | ||
| 546 | _aENGLISH | ||
| 942 |
_2ddc _c02 |
||
| 999 |
_c21754 _d21754 |
||